География на туризма (Запис номер 98622)
[ съкратено ]
| 000 -Лидер | |
|---|---|
| Контролно поле с фиксирана дължина | 01717nam a2200385 c 4500 |
| 003 - Код на организацията, давaща контролен номер | |
| Контролно поле | BLK |
| 005 - Дата и час на последна редакция | |
| Контролно поле | 20221210123425.0 |
| 008 - Елементи от данни с фиксирана дължина | |
| fixed length control field | 180409b bul|||||r ||||||| ||bul|| |
| 010 ## - Наследен системен номер | |
| LC control number | KNG00103567000 |
| 020 ## - Международен стандартен номер на книга ISBN | |
| Международен стандартен номер на книга ISBN | 954-616-090-3 |
| -- | издат.: Горекс прес |
| 040 ## - Източник на каталожния запис | |
| Идентификатор на билиотеката - собственик на записа | BLK |
| 041 ## - Код за език | |
| Код за езика на текст/звукозапис или на отделно заглавие | Български |
| Код за езика КДБФ | Български |
| 080 ## - УДК | |
| Текстов определител УДК | Социална география. Икономическа география. География на туризма |
| УДК код - определител по УДК | 338:91 |
| УДК определител | (075) |
| УДК - код + определител | 338:91(075) |
| 100 1# - Редна дума - Автор | |
| Автор | Тончев, Цветан Василев |
| Авторска отговорност | първи автор |
| R(LIN) | 364726 |
| 139 ## - Редно поле | |
| Редна дума | Тончев, Цветан Василев и др. |
| Авторски знак | Тонч - Т 73 |
| 245 10 - Сведения за заглавието | |
| Заглавие | География на туризма |
| Подзаглавни данни | Спец. Мениджмънт в хотелиерството |
| Редно поле (дума) | Цветан Василев Тончев; съавт. Нено Стоянов Димов. |
| 257 ## - Страна на издаване | |
| Страна на създаване/издаване | България |
| 260 ## - Област на издателските данни | |
| -- | София |
| Име на издателя, разпространителя и проч. | Горекс прес |
| Година на издаване | 2001 |
| 300 ## - Физическа характеристика | |
| Страници | 100 с. |
| Илюстрации и др. | с табл. |
| Размери/Мащаб | 20 см |
| 380 ## - Жанр | |
| Жанр | Обществени науки |
| 500 ## - Общи забележки | |
| Забележка | Офс. изд. - Съдържа и Приложения ; Използвана литература. |
| 650 #4 - Допълнително описание по предмет – тема | |
| Основно описание – тема или топоним | Туризъм - икономически проблеми |
| 9 (RLIN) | 246366 |
| 650 #4 - Допълнително описание по предмет – тема | |
| Основно описание – тема или топоним | География на туризма - учебници за ВУЗ |
| 9 (RLIN) | 306982 |
| 650 #4 - Допълнително описание по предмет – тема | |
| Основно описание – тема или топоним | Туризъм, международен - учебници |
| 9 (RLIN) | 254456 |
| 653 ## - Ключова дума – ненормативна | |
| Ключова дума | туризъм |
| 653 ## - Ключова дума – ненормативна | |
| Ключова дума | география |
| 653 ## - Ключова дума – ненормативна | |
| Ключова дума | международен туризъм |
| 653 ## - Ключова дума – ненормативна | |
| Ключова дума | учебници |
| 700 1# - Други автори (авторска отговорност) | |
| Лично име | Димов, Нено Стоянов |
| Автороска отговорност (Описва отношението между автора и произведението) | съавт. |
| 9 (RLIN) | 365081 |
| 852 ## - Местоположение | |
| Форматна сигнатура | Цб 212926 |
| 856 4# - Електронен адрес и достъп | |
| Електронен формат | pdf - файл |
| Път до файла /url/ | |
| 856 4# - Електронен адрес и достъп | |
| Електронен формат | pdf - файл |
| Път до файла /url/ | |
| 942 ## - АРТИКУЛИ | |
| Вид на библиотечния материал | Книги |
| Скрит в OPAC | Не |
| Koha issues (borrowed), all copies | 1 |
| 944 ## - СЪЗДАВАНЕ И РЕДАКЦИЯ на ЗАПИСА | |
| Създаване/Редакция | Създаване |
| Дата на регистрацията/редакция | 01.01.2001 |
| Служител, извършил регистрацията/редакцията | Наталия_Медовщикова |
| 944 ## - СЪЗДАВАНЕ И РЕДАКЦИЯ на ЗАПИСА | |
| Създаване/Редакция | Редакция |
| Дата на регистрацията/редакция | 16.12.2008 |
| Служител, извършил регистрацията/редакцията | |
| 999 ## - СИСТЕМНИ КОНТРОЛНИ НОМЕРА | |
| Koha biblionumber | 98622 |
| Koha biblioitemnumber | 98622 |
| Код за отписване | Код за изгубен артикул | Код за повреда | Коз за рестрикции | Код за отдаване | Артикулен № | Име на библиотеката - собственик | Име на библиотеката, в която се намира в момента | Статус (Текущо местоположение) | Дата на вписване в системата | Местоположение - отдел | Цена в лева | Инвентарен номер | Систематично азбучна сигнатура | Баркод | Номер на екземпляра | Цена в евро | Служебна бележка | Служебен тип на артикула | Източник на класификационната схема |
|---|---|---|---|---|---|---|---|---|---|---|---|---|---|---|---|---|---|---|---|
| Не е изгубен | Не е повреден | без рестрикции | ползва се в читалня | 158634 | Регионална библиотека "Любен Каравелов" Русе | Регионална библиотека "Любен Каравелов" Русе | Хранилище | 2002-10-09 | Хранилище | 4.00 | 120000672851 | Цб 212926 | 120000672851 | 1 | 2.05 | Дост: Dp Вид: Д N: 11 Дата: 05.03.2002 | Книги | ||
| Не е изгубен | Не е повреден | без рестрикции | заемане за дома | 158635 | Регионална библиотека "Любен Каравелов" Русе | Регионална библиотека "Любен Каравелов" Русе | Заемна - подръчен фонд | 2008-12-11 | Заемна - подръчен фонд | 4.60 | 120000732077 | П 338:913(497.2)/Т 73 | 120000732077 | 2 | 2.35 | Дост: Pk Вид: Ф N: 11852 Дата: 08.12.2008 Дата инв: 05.02.2018 Бележки инв: П2018 | Книги | Universal Decimal Classification | |
| Изтеглен | Не е изгубен | Не е повреден | без рестрикции | заемане за дома | 158636 | Регионална библиотека "Любен Каравелов" Русе | Регионална библиотека "Любен Каравелов" Русе | Заемна - подръчен фонд | 2008-12-11 | Заемна - подръчен фонд | 4.60 | 120000732078 | П 338:91/Т 73 | 120000732078 | 3 | 2.35 | Дост: Pk Вид: Ф N: 11852 Дата: 08.12.2008 Дата инв: 05.02.2018 Бележки инв: П2018 | Книги | Universal Decimal Classification |
| Не е изгубен | Не е повреден | без рестрикции | заемане за дома | 158637 | Регионална библиотека "Любен Каравелов" Русе | Регионална библиотека "Любен Каравелов" Русе | Заемна - подръчен фонд | 2008-12-11 | Заемна - подръчен фонд | 4.60 | 120000732079 | П 338:913(497.2)/Т 73 | 120000732079 | 4 | 2.35 | Дост: Pk Вид: Ф N: 11852 Дата: 08.12.2008 Дата инв: 05.02.2018 Бележки инв: П2018 | Книги | Universal Decimal Classification | |
| Не е изгубен | Не е повреден | без рестрикции | заемане за дома | 158638 | Регионална библиотека "Любен Каравелов" Русе | Регионална библиотека "Любен Каравелов" Русе | Заемна - подръчен фонд | 2008-12-11 | Заемна - подръчен фонд | 4.60 | 120000732080 | П 338:913(497.2)/Т 73 | 120000732080 | 5 | 2.35 | Дост: Pk Вид: Ф N: 11852 Дата: 08.12.2008 Дата инв: 05.02.2018 Бележки инв: П2018 | Книги | Universal Decimal Classification |